000 00690nam a2200217Ii 4500
003 JO-AjNU
008 230605s9999||||xx |||||||||||||| ||und||
017 _a2002/3/790
040 _aJO-AjNU
_bara
_erda
_cJO-AjNU
041 _aara
050 1 4 _aPJ7816 2006
100 3 _aأبو حشيش، جهاد,
_eauthor
_923498
245 0 0 _aجسد بلا نوافذ: شعر
250 _aط1
264 3 1 _aعمان: دار فضاءات للنشر والتوزيع والطباعة، 2006
300 _a128ص
336 _atext
_btxt
_2rdacontent
337 _aunmediated
_bn
_2rdamedia
338 _avolume
_bnc
_2rdacarrier
650 4 _aالشعر العربي- العصر الحديث
_923499
999 _aA8510
_c12078
_d12078